00579nam a22001457a 4500003000400000005001700004008004100021040001400062100002800076245015500104260000900259300002600268500010800294504003100402OSt20171010095443.0120614t xxu||||| |||| 00| 0 eng d aMMSUcULS aCorpuz, Joanne Rose T.  aA Study on the drying storage characteristics and determination of the drying kinetics of banana blossom from musa paradisiacacJoanne Rose T. Corpuz  c2006 ax, 47 leaves c28 cm. aThesis (BS Chemical Engineering) -- Mariano Marcos State University-College of Engineering, Batac City  aBibliography: leaves 36-37